| 000 | 00548nam a2200205Ia 4500 | ||
|---|---|---|---|
| 003 | OSt | ||
| 005 | 20220926043020.0 | ||
| 006 | a|||||r|||| 00| 0 | ||
| 007 | ta | ||
| 008 | 220923b |||||||| |||| 00| 0 eng d | ||
| 037 | _cGeneral Book | ||
| 040 |
_aRTL _cRTL _beng |
||
| 041 |
_2eng _aeng |
||
| 082 | _aX9:89P0j77.2.N6, K5 | ||
| 100 | _aLal B B | ||
| 245 | 0 | _aIndustiral productivity and economic growth | |
| 650 | _aOffice Management | ||
| 942 |
_hX9:89P0j77.2.N6, K5 _cGB _2CC |
||
| 999 |
_c671251 _d671251 |
||